مزارات غالب و زوق / (Record no. 172373)

MARC details
000 -LEADER
fixed length control field 00619nam a22001937a 4500
005 - DATE AND TIME OF LATEST TRANSACTION
control field 20200317142856.0
010 ## - LCCN (DPL NO)
LC control number A-941762
020 ## - INTERNATIONAL STANDARD BOOK NUMBER
Terms of availability 60.00
International Standard Book Number 8171600980
035 ## - SYSTEM CONTROL NUMBER
System control number A-941762
037 ## - SOURCE OF ACQUISITION
Source of stock number/acquisition BPPD/Pub.
082 ## - DEWEY DECIMAL CLASSIFICATION NUMBER
Classification number 841.092
100 ## - MAIN ENTRY--PERSONAL NAME
Personal name شاہد ماہلی
245 ## - TITLE STATEMENT
Title مزارات غالب و زوق /
Statement of responsibility, etc شاہد ماہلی
246 ## - VARYING FORM OF TITLE
Title proper/short title Mazarat-e-Ghalib-o-Zauq (Urdu) /
Remainder of title by Shahid Mahuli
260 ## - PUBLICATION, DISTRIBUTION, ETC. (IMPRINT)
Place of publication, distribution, etc New Delhi
Name of publisher, distributor, etc Anjuman Taraqqi Urdu (Hind)
Date of publication, distribution, etc 1999 ء
270 ## - ADDRESS
Address Urdu Ghar : 212, Rouse Avenue
City New Delhi
Postal code 110002
300 ## - PHYSICAL DESCRIPTION
Extent 119p.
Dimensions 20cm(Hb)
942 ## - ADDED ENTRY ELEMENTS (KOHA)
Source of classification or shelving scheme Dewey Decimal Classification
Item type Urdu Bks
Classification part 841.092
Call number suffix ش ا ہ
Holdings
Withdrawn status Lost status Not for loan Collection code Home library Current library Date acquired Source of acquisition Cost, normal purchase price Full call number Barcode Copy number Cost, replacement price Koha item type
      Non-fiction Central Library Central Library 04/02/2020 BPPD/Ven. 60.00 841.092 ش ا ہ A-941762 1 60.00 Urdu Bks

© Delhi Public Library
Hit Counter
free hit counter